000 00620nam a2200229Ia 4500
001 1886
003 GE_BSU
008 181216s||||||||xx |||||||||||||| ||und||
020 _a580801842
040 _cGE_BSU
080 _a341(470)(075.8)
100 _aТункин,Г.И.
245 _aТеория Международного права
245 _cПод общ. ред Л.Н.Шестакова
260 _aМосква
260 _bЗерцало
260 _c2006
300 _a416 с. 22 см.
541 _h15 л.
653 _aТеория Международного права
942 _cBK
999 _c35987
_d35987